La punta de un Iceberg : (Registro nro. 61686)

Detalles MARC
000 -LEADER
campo de control de longitud fija 01690nam a22003857a 4500
003 - IDENTIFICADOR DE NÚMERO DE CONTROL
campo de control PE-LiUPU
005 - FECHA Y HORA DE LA ÚLTIMA TRANSACCIÓN
campo de control 20250731173556.0
008 - DATOS DE LONGITUD FIJA--INFORMACIÓN GENERAL
campo de control de longitud fija 221222b |||||||| |||| 00| 0 spa d
040 ## - FUENTE DE CATALOGACIÓN
Centro catalogador/agencia de origen PE-LiUPU
Lengua de catalogación spa
Centro/agencia transcriptor PE-LiUPU
Normas de descripción rda
082 ## - NÚMERO DE LA CLASIFICACIÓN DECIMAL DEWEY
Número de clasificación 266.673
Cutter H749l
100 ## - ENTRADA PRINCIPAL--NOMBRE DE PERSONA
Nombre de persona Holmes C., Raymond,
Término indicativo de función/relación Autor.
9 (RLIN) 892
245 ## - MENCIÓN DEL TÍTULO
Título La punta de un Iceberg :
Resto del título autoridad bíblica, interpretación bíblica, y la ordenación de la mujer al ministerio /
Mención de responsabilidad, etc. C. Raymond Holmes, D. Min.
250 ## - MENCION DE EDICION
Mención de edición 1a edición.
264 ## - PRODUCCIÓN, PUBLICACIÓN, DISTRIBUCIÓN, FABRICACIÓN Y COPYRIGHT
Producción, publicación, distribución, fabricación y copyright Michigan :
Nombre del de productor, editor, distribuidor, fabricante Adventists Affirm,
Fecha de producción, publicación, distribución, fabricación o copyright 1995.
300 ## - DESCRIPCIÓN FÍSICA
Extensión 188 páginas :
Dimensiones 22 centímetros.
500 ## - NOTA GENERAL
Nota general Titulo del libro original en Ingles: The tip of an Iceberg,
504 ## - NOTA DE BIBLIOGRAFÍA, ETC.
Nota de bibliografía, etc. Incluye bibliografia al final de cada capitulo,
505 ## - NOTA DE CONTENIDO CON FORMATO
Nota de contenido con formato Sola scriptura: una peregrinación personal. -- Dos métodos divergentes de interpretación -- Elena G. White y la Biblia. -- Autoridad completa de la Biblia. -- La punta del Iceberg: su fundamento ideológico. -- La punta del iceberg: su ideología feminista. -- La punta del iceberg: una crítica. -- Pasajes bíblicos pertinentes al tema. -- El iceberg en otras aguas. -- El adventismo en un cruce de caminos. -- Apéndice A -- Apéndice B.
526 ## - NOTA DE INFORMACIÓN SOBRE EL PROGRAMA DE ESTUDIO
Nombre del programa Segunda Especialidad En Profecías Bíblicas
526 ## - NOTA DE INFORMACIÓN SOBRE EL PROGRAMA DE ESTUDIO
Nombre del programa Segunda Especialidad En Nuevo Testamento
526 ## - NOTA DE INFORMACIÓN SOBRE EL PROGRAMA DE ESTUDIO
Nombre del programa Segunda Especialidad En Antiguo Testamento
526 ## - NOTA DE INFORMACIÓN SOBRE EL PROGRAMA DE ESTUDIO
Nombre del programa Segunda Especialidad En Estudios Adventistas
526 ## - NOTA DE INFORMACIÓN SOBRE EL PROGRAMA DE ESTUDIO
Nombre del programa Doctorado en teología
526 ## - NOTA DE INFORMACIÓN SOBRE EL PROGRAMA DE ESTUDIO
Nombre del programa Maestría en teología histórica
526 ## - NOTA DE INFORMACIÓN SOBRE EL PROGRAMA DE ESTUDIO
Nombre del programa Maestría en teología bíblica
526 ## - NOTA DE INFORMACIÓN SOBRE EL PROGRAMA DE ESTUDIO
Nombre del programa Maestría en teología
526 ## - NOTA DE INFORMACIÓN SOBRE EL PROGRAMA DE ESTUDIO
Nombre del programa Maestría en misionología
526 ## - NOTA DE INFORMACIÓN SOBRE EL PROGRAMA DE ESTUDIO
Nombre del programa Maestría en liderazgo eclesiástico
526 ## - NOTA DE INFORMACIÓN SOBRE EL PROGRAMA DE ESTUDIO
Nombre del programa Teología
650 #0 - PUNTO DE ACCESO ADICIONAL DE MATERIA--TÉRMINO DE MATERIA
Término de materia o nombre geográfico como elemento de entrada Mujeres en el ministerio (IASD).
9 (RLIN) 893
700 ## - ENTRADA AGREGADA--NOMBRE PERSONAL
Nombre de persona Min, D.
Término indicativo de función/relación Autor.
9 (RLIN) 894
700 ## - ENTRADA AGREGADA--NOMBRE PERSONAL
Nombre de persona De Calandra, Viviana W.
Término indicativo de función/relación Traducción.
9 (RLIN) 895
942 ## - ELEMENTOS DE ENTRADA SECUNDARIOS (KOHA)
Fuente del sistema de clasificación o colocación Clasificación Decimal Dewey
Tipo de ítem Koha Libros físicos
Suprimir en OPAC No
980 ## - EQUIVALENCIA O REFERENCIA-CRUZADA-MENCIÓN DE SERIE--NOMBRE DE PERSONA/TÍTULO [LOCAL, CANADÁ]
ID del usuario creador del registro 22041
Nombre del creador del registro ELI VALDERRAMA Analista Documental
ID del último usuario que modificó el registro 1
Nombre del último usuario que modificó el registro ALBERTO SANCHEZ Responsable de Automatización
Existencias
Visto por última vez Total de préstamos Signatura topográfica completa Código de barras Copia número Coste, precio de reemplazo Fecha de reemplazo Facultad Tipo de ítem Koha Nota pública Estado de pérdida Fuente del sistema de clasificación o colocación Restricciones de uso No para préstamo Colección Programa académico Biblioteca de origen Biblioteca actual Ubicación en estantería Fecha de adquisición Fuente de adquisición Coste, precio normal de compra
2025-12-02   266.673 H749l 81254 e1 10.00 2022-12-12   Libros físicos inventario-2023-12-13 No Perdido Clasificación Decimal Dewey No restringido Disponible para préstamos Colección General Teología Biblioteca CRAI UPeU Lima Biblioteca CRAI UPeU Lima Sala principal 2022-12-12 DONACION 5.00